| Поле | Инд. | ПП | Название | Значение |
|---|---|---|---|---|
| Тип записи | a | |||
| Библиографический уровень | b | |||
| 001 | Контрольный номер | UNIDUBNA5979b1c1153d4003a0fec75dfddc660a | ||
| 005 | Дата корректировки | 20260327194042.4 | ||
| 008 | Кодируемые данные | 20170331 | ||
| 040 | b | Код языка каталог. | rus | |
| e | Правила каталог. | PSBO | ||
| 041 | 0_ | a | Код языка текста | rus |
| 084 | a | Индекс другой классификации/Индекс ББК | 63.3(2)632-6 | |
| 100 | 1_ | a | Автор | Чагадаева О. |
| q | Полное имя | Чагадаева Ольга | ||
| 245 | 10 | a | Заглавие | Председатель КГБ Владимир Семичастный: К средствам психологической войны они относят распространение слухов... |
| b | Продолж. заглавия | Записка руководству СССР о целенаправленной антисоветской стратегии президента Джона Кеннеди | ||
| 500 | a | Примечание | Тема номера: 80 лет с начала холодной войны | |
| 520 | 0_ | a | Аннотация | В марте 1963 года, по горячим следам Карибского кризиса, едва не превратившего холодную войну в ядерную, Идеологический отдел ЦК КПСС запросил в КГБ информацию о направлениях, методах и формах психологической войны, которую США развернули против СССР. 25 марта Председатель КГБ Владимир Семичастный предоставил подробный 26-страничный отчет. Проанализировав материалы комитета госбезопасности, его глава пришел к выводу, что президент Кеннеди первым из американских лидеров сделал ставку на психологическую войну в борьбе за установление мирового господства. Справка Председателя КГБ В. Семичастного в ЦК КПСС публикуется с сокращениями. |
| 600 | 14 | a | Персоналии | Кеннеди Джон Фицджералд (35-й президент США) |
| a | Персоналии | Семичастный Владимир Ефимович | ||
| a | Персоналии | Хрущев Никита Сергеевич | ||
| 650 | 14 | a | Основная рубрика | внешняя политика |
| a | Основная рубрика | история | ||
| a | Основная рубрика | международные отношения | ||
| 653 | 0_ | a | Ключевые слова | "железный занавес" |
| a | Ключевые слова | XX век | ||
| a | Ключевые слова | антисоветская политика | ||
| a | Ключевые слова | внешнеполитические цели | ||
| a | Ключевые слова | вооруженные силы | ||
| a | Ключевые слова | Восточная Европа | ||
| a | Ключевые слова | дезинформация | ||
| a | Ключевые слова | демократия | ||
| a | Ключевые слова | идеологическая борьба | ||
| a | Ключевые слова | идеологические диверсии | ||
| a | Ключевые слова | Карибский (Кубинский) кризис 1962 | ||
| a | Ключевые слова | Комитет государственной безопасности (КГБ) | ||
| a | Ключевые слова | Куба | ||
| a | Ключевые слова | международная безопасность | ||
| a | Ключевые слова | неофициальные контакты | ||
| a | Ключевые слова | подразделения специального назначения (спецназ) | ||
| a | Ключевые слова | пропаганда | ||
| a | Ключевые слова | психологическая война | ||
| a | Ключевые слова | развивающиеся страны | ||
| a | Ключевые слова | распространение слухов | ||
| a | Ключевые слова | Россия | ||
| a | Ключевые слова | советский период | ||
| a | Ключевые слова | социалистические страны | ||
| a | Ключевые слова | СССР | ||
| a | Ключевые слова | США | ||
| a | Ключевые слова | управление пропагандой | ||
| a | Ключевые слова | холодная война | ||
| a | Ключевые слова | ядерное оружие (атомное оружие) | ||
| 773 | 08 | t | Заглавие источника | Родина |
| d | Дата издания источника | 2026 | ||
| w | Контрольный № источника | UNIDUBNA8e384adf22fc4923a3be5386c8a50a4e | ||
| g | Прочая информация | № 3. - С. 36 - 39 : фот., ил. | ||
| 901 | t | Тип документа | b |